| 000 | 01015cam a22002774a 4500 | ||
|---|---|---|---|
| 001 | 13676481 | ||
| 005 | 20241023094340.0 | ||
| 008 | 040802s2006 paua b 001 0 eng | ||
| 020 | _a0781736900 | ||
| 050 | 0 | 0 |
_aRG951 _b.K565 2006 |
| 082 | 0 | 0 |
_a618.92/00231 _222 |
| 100 | 1 | _aKlossner, N. Jayne. | |
| 245 | 1 | 0 |
_aIntroductory maternity & pediatric nursing / _cN. Jayne Klossner, Nancy T. Hatfield. |
| 260 |
_aPhiladelphia : _bLippincott Williams & Wilkins, _cc2006. |
||
| 300 |
_axxvi, 1137 p. : _bcol. ill. ; _c28 cm. + _e1 CD-ROM (4 3/4 in.) |
||
| 500 | _a Include Index | ||
| 650 | 0 | _aMaternity nursing. | |
| 650 | 0 | _aPediatric nursing. | |
| 650 | 1 | 2 |
_aMaternal-Child Nursing _xmethods. |
| 650 | 2 | 2 | _aNursing Process. |
| 650 | 2 | 2 |
_aPediatric Nursing _xmethods. |
| 700 | 1 | _aHatfield, Nancy T. | |
| 856 | 4 | 1 |
_3Table of contents _uhttp://www.loc.gov/catdir/toc/ecip0421/2004018127.html |
| 856 | 4 | 2 |
_3Publisher description _uhttp://www.loc.gov/catdir/enhancements/fy0712/2004018127-d.html |
| 942 |
_2ddc _cBK _n0 |
||
| 999 |
_c123 _d123 |
||